000 00295nam a22001337a 4500
008 170612b xxu||||| |||| 00| 0 eng d
020 _a2900000088887
041 _aeng
080 _a32
100 _a19
101 _aSHP
245 _aRACIAL & ETHNIC RELATIONS
_cFEAGIN, J.R
942 _2udc
_cBK
999 _c16974
_d16974